000 00842cam a22002414a 4500
001 11916299
005 20180208094209.0
008 000218s2000 ilua bf 001 0 eng
010 _a 00025313
020 _a0736032592
040 _aDLC
_cDLC
_dDLC
041 _aeng
042 _apcc
080 _a613.71 JUL
082 0 0 _a613.71 JUL
_221
100 _a9
101 _aEKZ
245 0 0 _aYMCA personal training instructor manual /
_cYMCA of the USA.
504 _aIncludes bibliographical references (p. 230-232) and index.
906 _a7
_bcbc
_corignew
_d1
_eocip
_f20
_gy-gencatlg
942 _2ddc
_cBK
999 _c42191
_d42191